000 00686nam a2200241Ia 4500
003 GCL
008 140319s9999 xx 000 0 ara d
040 _aGCL /
_cGCL
082 0 4 _a320.531
_bه ط
100 1 _aمحمد مصطفى غنيم
245 1 0 _aالطريق الى العبودية /
_cمحمد مصطفى غنيم
700 1 _aهايك, ف0 ا
260 _a[S.N] :
_bدار الشروق ،
_c1994
300 _a222 ص
490 _a
650 0 4 _aالاشتراكية
650 0 4 _aالنظم الاقتصادية
650 0 4 _aالديمقراطية
650 0 4 _aالنازية
650 0 4 _aالراسمالية
650 0 4 _aاوربا
942 _2ddc
_cBK
999 _c34566
_d34566